COMPUTER PROGRAMMING (Record no. 265722)

MARC details
000 -LEADER
fixed length control field 00311pam a2200133a 44500
008 - FIXED-LENGTH DATA ELEMENTS--GENERAL INFORMATION
fixed length control field 230405s xxu||||| |||| 00| 0 eng d
041 ## - LANGUAGE CODE
Language code of text/sound track or separate title ENG
100 ## - MAIN ENTRY--PERSONAL NAME
Personal name PHADAKE SNEHA
245 ## - TITLE STATEMENT
Title COMPUTER PROGRAMMING
250 ## - EDITION STATEMENT
Edition statement 2 1998
260 ## - PUBLICATION, DISTRIBUTION, ETC.
Place of publication, distribution, etc. PUNE
Name of publisher, distributor, etc. TECHNOVA PUBLICATION PUNE
Date of publication, distribution, etc.
650 ## - SUBJECT ADDED ENTRY--TOPICAL TERM
Topical term or geographic name entry element COMPUTER
906 ## - LOCAL DATA ELEMENT F, LDF (RLIN)
a 283
Holdings
Withdrawn status Lost status Damaged status Not for loan Collection Home library Current library Date acquired Source of acquisition Cost, normal purchase price Total Checkouts Full call number Barcode Date last seen Price effective from Koha item type
          College of Pharmacy, Kolhapur College of Pharmacy, Kolhapur 11/09/2001 S K KOTHARI 165.00   651.8 PCK-1609 14/04/2023 14/04/2023 Book
          College of Pharmacy, Kolhapur College of Pharmacy, Kolhapur 14/04/2023 S K KOTHARI 165.00   651.8 PCK-1042 20/12/2023 14/04/2023 Book
          College of Pharmacy, Kolhapur College of Pharmacy, Kolhapur 12/06/1999 S K KOTHARI 165.00   651.8 PCK-811 14/04/2023 14/04/2023 Book
          College of Pharmacy, Kolhapur College of Pharmacy, Kolhapur 12/06/1999 S K KOTHARI 165.00   651.8 PCK-810 14/04/2023 14/04/2023 Book